000 00653nam a2200193Ia 4500
005 20250508155745.0
008 008 250505s9999 xx 000 0 eng d
037 _aDissertations
040 _aFEDL
_beng
_cFEDL
041 _aeng
_2eng
084 _a370.15, SHA/DI
_qFEDL
100 _aSharma Usha Rani
_9415084
245 0 _aInvestigation into the main problems experienced by girl students of Delhi and the role being played by the school and other agencies insolving them
260 _c1972
300 _a73p.
546 _aM. Ed. Dissertation (Delhi University)
942 _cDIS
_h370.15, SHA/DI
999 _c1359148
_d1359148